01037 2200325 4500001002100000005001500021035002000036007000300056008004100059040002200100020002200122082001500144336002100159337002300180338003800203245007200241264004200313084001700355650002300372500006900395300003200464856007500496852002000571850001200591700002600603100002500629041001300654990002200667990002200689INLIS00000000086597020211101023415 a0010-1121000051ta210708s2016ijkijkia b f f n 1 ind d aYOPDYOGbinderda a978-602-394-292-304223a028.55 2rdacontentateks 2rdamediaakomputer 2rdacarrierasumber sambung jaring14aThe new peacok king = raja merak yang baru /cArleen A., Indah Tjan31aJakarta :bBhuana Ilmu Populer,c2016 a028.55 ARL n 4aBacaan kanak-kanak aUntuk mengakses buku ini silakan unduh aplikasi http://ijogja.id a1 berkas komputer (5,0 MB)40nPerpustakaan Digital iJogjauhttp://ijogja.id/publications/books/224398 aaplikasi iJogja aYOPDYOG0 aIndah TjanePengarang0 aArleen A.ePengarang0 aindgeng a000103-EPD/B.2017 a000104-EPD/B.2017